00858cam a22002651 4500001001300000003000400013005001700017008004100034010001700075035001900092040004300111042001200154043002100166050001400187100004100201245007500242260005000317300004200367490006200409490004500471650001300516650002100529650002500550999001700575s 13000051 DLC20260227111910.0780307s1859 dcubf f000 0 eng c as 13000051  a(OCoLC)3691923 aSmithsonian Inst. LibrarycNGenoUdDLC apremarc an-us-ksan-us-nm00aQ11b.S681 aLe Conte, John Lawrence,d1825-1883.14aThe Coleoptera of Kansas and eastern New Mexico.cBy John L. Le Conte. a[Washington,bSmithsonian Institution,c1859] avi, 58 p.bfront. (map) 3 pl.c33 cm.0 aSmithsonian contributions to knowledge. [vol. XI, art. 6]0 aSmithsonian Institution publication 126. 0aInsects. 0aBeetleszKansas. 0aBeetleszNew Mexico. c52622d52622